| 000 | 02089cam a22005054a 4500 | ||
|---|---|---|---|
| 999 |
_c50419 _d50419 |
||
| 001 | 14726565 | ||
| 005 | 20200225164324.0 | ||
| 008 | 070205s2007 mau b 100 0 eng | ||
| 010 | _a 2007005109 | ||
| 020 | _a9781573316798 (pbk.) | ||
| 020 | _a1573316792 (pbk.) | ||
| 035 | _a(DNLM)101298797 | ||
| 040 |
_aDNLM/DLC _cDLC _dDLC |
||
| 041 | _aeng | ||
| 042 | _apcc | ||
| 050 | 0 | 0 |
_aQP86 _b.E77 2007 |
| 060 | 0 | 0 |
_aW1 _bAN626YL v.1099 2007 |
| 060 | 1 | 0 |
_aWT 104 _bE89b 2007 |
| 080 | _a612.7 B-60 | ||
| 082 | 0 | 0 |
_a612.6/7 _222 |
| 111 | 2 |
_aEuropean Congress of Biogerontology _n(5th : _d2006 : _cIstanbul, Turkey) _97424 |
|
| 245 | 1 | 0 |
_aBiogerontology : _bmechanisms and interventions / _cedited by Suresh I.S. Rattan and Serif Akman. |
| 264 |
_aBoston, Mass. : _bBlackwell Pub. on behalf of the New York Academy of Sciences, _c2007. |
||
| 300 |
_axiii, 565 p. ; _c23 cm. |
||
| 440 | 0 |
_aAnnals of the New York Academy of Sciences, _x0077-8923 ; _vv. 1100 _97425 |
|
| 504 | _aIncludes bibliographical references. | ||
| 650 | 0 |
_aAging _xPhysiological aspects _vCongresses. _97426 |
|
| 650 | 0 |
_aAging _xMolecular aspects _vCongresses. _97427 |
|
| 650 | 0 |
_aAging _xImmunological aspects _vCongresses. _97428 |
|
| 650 | 1 | 2 |
_aAging _xphysiology _vCongresses. _97429 |
| 650 | 2 | 2 |
_aAging _ximmunology _vCongresses. _97430 |
| 650 | 2 | 2 |
_aCell Aging _xphysiology _vCongresses. _97431 |
| 650 | 2 | 2 |
_aGeriatrics _vCongresses. _97432 |
| 653 | _aბიოლოგია | ||
| 653 | _aბიოგერონტოლოგია | ||
| 653 | _aმედიცინა | ||
| 700 | 1 |
_aRattan, Suresh I. S. _eავტორ _97433 |
|
| 700 | 1 |
_aAkman, Serif. _eავტორ _97434 |
|
| 710 | 2 |
_aInternational Association of Gerontology. _97435 |
|
| 856 | 4 | 1 |
_3Table of contents only _uhttp://www.loc.gov/catdir/toc/ecip0710/2007005109.html |
| 856 | 4 | 2 |
_3Publisher description _uhttp://www.loc.gov/catdir/enhancements/fy0803/2007005109-d.html |
| 906 |
_a7 _bcbc _corignew _d1 _eecip _f20 _gy-gencatlg |
||
| 942 |
_2udc _cBK |
||
| 955 |
_aaa27 2007-02-07 _aps02 2007-06-12 2 copies rec'd., to CIP ver. |
||